000 00612nam a2200229Ia 4500
003 OSt
005 20220923222423.0
006 a|||||r|||| 00| 0
007 ta
008 220922b |||||||| |||| 00| 0 hin d
024 _a204,808
037 _cTextual
040 _aARTS
_cARTS
_bhin
041 _2hin
_ahin
082 _aO44,1x, 152J7
245 0 _aभारतीय कविता 1956-57
246 _aBhāratīya kavitā 1956-57
260 _c1957
650 _aहिन्दी साहित्य
_9156264
942 _hO44,1x, 152J7
_cTEXL
_2CC
999 _c355556
_d355556